1 lettre et 1 chiffre, 1 chiffre et 1 lettre ou ni l'un ni l'autre - Statistiques

Statistiques générales
  • Ce quiz a été pris 57 fois
  • Le résultat moyen est 7 sur 9
Statistiques - réponses
Hint Réponse % Correct
Format de papier 1 lettre, 1 chiffre
89%
Article ibère Ni l'un ni l'autre
85%
L'une des chaînes de tv qui diffuse "la petite maison dans la prairie" 1 lettre, 1 chiffre
81%
Cela Ni l'un ni l'autre
81%
Catégorie de courses automobiles 1 lettre, 1 chiffre
79%
Groupe de 5 filles formés dans l'émission "Popstars" 1 lettre, 1 chiffre
68%
Plaques d'immatriculations corses 1 chiffre, 1 lettre
62%
Norme de réseau de téléphonie mobile 1 chiffre, 1 lettre
60%
Série de 1982 avec David Hasselhoff 1 lettre, 1 chiffre
49%
Aucun quiz correspondant
Distribution des résultats
% des personnes avec chaque résultat
Percentile par nombre de réponses
Votre historique - résultats
Vous n’avez pas pris ce quiz